[Event "Bad Woerishofen 2017 - Senioren"]
[Site "Bad Woerishofen"]
[Date "2017.03.16"]
[Round "7.8"]
[White "Bohnstorff, Michael"]
[Black "Bhend, Edwin"]
[Result "1/2-1/2"]
[WhiteElo "2042"]
[BlackElo "2138"]
[Annotator "chessorg"]
[PlyCount "31"]
[EventDate "2017.??.??"]
[WhiteTeam "SC Turm Lueneburg e.V."]
[BlackTeam "ohne"]

1. d4 d5 2. c3 e6 3. Bf4 Bd6 4. Bxd6 Qxd6 5. Nf3 Nf6 6. e3 Nbd7 7. Nbd2 b6 8.
Be2 O-O 9. O-O Bb7 10. Rc1 c5 11. c4 Rfd8 12. cxd5 Qxd5 13. Qb3 Qh5 14. Rfe1
Rab8 15. Qa3 a6 16. b4 1/2-1/2

[Event "Bad Woerishofen 2017 - Senioren"]
[Site "Bad Woerishofen"]
[Date "2017.03.16"]
[Round "7.9"]
[White "Weenink, Henk"]
[Black "Walther, Reinhard"]
[Result "1/2-1/2"]
[WhiteElo "2132"]
[BlackElo "2008"]
[Annotator "chessorg"]
[PlyCount "84"]
[EventDate "2017.??.??"]
[WhiteTeam "SC Soest 1922"]
[BlackTeam "SK 1911 Herzogenaurach e.V."]

1. e4 d6 2. d4 Nf6 3. Nc3 g6 4. Be2 Bg7 5. h4 h5 6. Nh3 c5 7. dxc5 Qa5 8. Ng5
Qxc5 9. Be3 Qa5 10. f3 Nc6 11. O-O Bd7 12. a3 Rc8 13. Qe1 Qc7 14. Qf2 b6 15.
Ba6 Rb8 16. Rfd1 O-O 17. Nb5 Qd8 18. Rab1 Ne8 19. Qg3 Nc7 20. Nxc7 Qxc7 21. Bb5
Ne5 22. Bxd7 Qxd7 23. b3 Rbc8 24. c4 Rc7 25. Bd4 Nc6 26. Bxg7 Kxg7 27. Rd5 Ne5
28. Rbd1 f6 29. Nh3 Kh7 30. Nf2 Qe6 31. f4 Nd7 32. f5 Qf7 33. fxg6+ Qxg6 34.
Qxg6+ Kxg6 35. Nh3 Rc5 36. Nf4+ Kf7 37. Nd3 Rxd5 38. exd5 Rg8 39. Nf4 Rg4 40.
Nxh5 Rxh4 41. Ng3 Rg4 42. Rd3 Ne5 1/2-1/2

[Event "Bad Woerishofen 2017 - Senioren"]
[Site "Bad Woerishofen"]
[Date "2017.03.16"]
[Round "7.11"]
[White "Zunker, Reinhard"]
[Black "Nordby, Bernt"]
[Result "1/2-1/2"]
[WhiteElo "2121"]
[BlackElo "2015"]
[Annotator "chessorg"]
[PlyCount "33"]
[EventDate "2017.??.??"]
[WhiteTeam "SV 1920 Hofheim"]
[BlackTeam "Fredrikstad SS"]

1. d4 Nf6 2. Bg5 c5 3. Bxf6 gxf6 4. d5 Qb6 5. Qc1 d6 6. Nd2 f5 7. e3 Bg7 8. c3
Nd7 9. Ngf3 Nf6 10. Bc4 e6 11. dxe6 fxe6 12. O-O Bd7 13. Be2 O-O 14. Rd1 Qc7
15. a4 Rad8 16. Qc2 Bc6 17. Bb5 1/2-1/2

[Event "Bad Woerishofen 2017 - Senioren"]
[Site "Bad Woerishofen"]
[Date "2017.03.16"]
[Round "7.12"]
[White "Schneider, Alexander"]
[Black "Neese, Hans-Joachim"]
[Result "1-0"]
[WhiteElo "2029"]
[BlackElo "2106"]
[Annotator "chessorg"]
[PlyCount "65"]
[EventDate "2017.??.??"]
[WhiteTeam "Schachclub  WHV von 1887 e.V."]

1. d4 Nf6 2. c4 e6 3. Nc3 b6 4. e4 Bb7 5. Qc2 d6 6. Nf3 g6 7. Bd3 Na6 8. a3 c5
9. d5 e5 10. Bd2 Bg7 11. Qa4+ Qd7 12. Qxd7+ Kxd7 13. Nb5 Nb8 14. b4 a6 15. Nc3
cxb4 16. axb4 Re8 17. Ke2 Nh5 18. g3 f5 19. Rhc1 Nf6 20. Ng5 fxe4 21. Ngxe4
Nxe4 22. Bxe4 Rc8 23. Na4 Kc7 24. c5 bxc5 25. bxc5 a5 26. Nb6 Nd7 27. Nxa8+
Rxa8 28. Bxa5+ Rxa5 29. Rxa5 Nxc5 30. Raxc5+ dxc5 31. d6+ Kc8 32. d7+ Kxd7 33.
Bxb7 1-0

[Event "Bad Woerishofen 2017 - Senioren"]
[Site "Bad Woerishofen"]
[Date "2017.03.16"]
[Round "7.13"]
[White "Maes, Valery"]
[Black "Krueger, Norbert"]
[Result "1/2-1/2"]
[WhiteElo "2097"]
[BlackElo "2006"]
[Annotator "chessorg"]
[PlyCount "55"]
[EventDate "2017.??.??"]
[WhiteTeam "Krefelder SK Turm 1851 e.V."]
[BlackTeam "Ratinger SK"]

1. d4 f5 2. Nf3 Nf6 3. Bg5 e6 4. Nbd2 Be7 5. Bxf6 Bxf6 6. e4 fxe4 7. Nxe4 O-O
8. Bd3 Nc6 9. c3 d5 10. Nxf6+ gxf6 11. Qc2 Qe7 12. O-O-O e5 13. Bf5 e4 14. Nh4
Bxf5 15. Nxf5 Qd7 16. g4 Ne7 17. Nxe7+ Qxe7 18. h4 f5 19. g5 Rf7 20. Qe2 Rg7
21. f4 exf3 22. Qxf3 Qe4 23. Rhf1 Rf7 24. Qh5 Qe3+ 25. Kb1 Qe4+ 26. Kc1 Qe3+
27. Kb1 Qe4+ 28. Kc1 1/2-1/2

[Event "Bad Woerishofen 2017 - Senioren"]
[Site "Bad Woerishofen"]
[Date "2017.03.16"]
[Round "7.14"]
[White "Speicher, Franz"]
[Black "Rueberg, Jobst"]
[Result "0-1"]
[WhiteElo "1886"]
[BlackElo "2091"]
[Annotator "chessorg"]
[PlyCount "66"]
[EventDate "2017.??.??"]
[WhiteTeam "Dicker Turm Esslingen"]
[BlackTeam "SV Ahlen 1954 e.V."]

1. d4 Nf6 2. Bg5 e6 3. e4 h6 4. Bxf6 Qxf6 5. c3 d6 6. Bd3 Nd7 7. Ne2 g6 8. O-O
Bg7 9. f4 Qe7 10. Nd2 O-O 11. e5 b6 12. Qa4 Bb7 13. Rac1 a6 14. Qa3 Rfe8 15.
exd6 cxd6 16. Ne4 Bf8 17. c4 Rac8 18. N2c3 Nf6 19. Nf2 Nh5 20. Ne2 Qc7 21. Qc3
Bg7 22. Qd2 Nf6 23. b4 Qc6 24. d5 exd5 25. Nd4 Qd7 26. f5 dxc4 27. Bxc4 g5 28.
Bd3 Rxc1 29. Rxc1 Nd5 30. f6 Nxf6 31. Nf5 Qe6 32. Kf1 Qd5 33. Nd1 Ne4 0-1

[Event "Bad Woerishofen 2017 - Senioren"]
[Site "Bad Woerishofen"]
[Date "2017.03.16"]
[Round "7.15"]
[White "Villing, Dieter"]
[Black "Goris, Ton"]
[Result "0-1"]
[WhiteElo "2089"]
[BlackElo "1992"]
[Annotator "chessorg"]
[PlyCount "48"]
[EventDate "2017.??.??"]
[WhiteTeam "SK 1962 Ladenburg"]

1. e4 e6 2. d4 d5 3. Nc3 dxe4 4. Nxe4 Bd7 5. Nf3 Bc6 6. Bd3 Nd7 7. O-O Ngf6 8.
Neg5 h6 9. Nxe6 fxe6 10. Bg6+ Ke7 11. b3 Qb8 12. Ne5 Nxe5 13. dxe5 Nd7 14. Qg4
Nxe5 15. Bg5+ Kd7 16. Rad1+ Bd6 17. Qd4 hxg5 18. Qxe5 Qf8 19. Qxg5 Qf6 20. Qg4
Rh4 21. Qg3 Ke7 22. Rxd6 cxd6 23. Re1 Qf4 24. Bf5 Kf8 0-1

[Event "Bad Woerishofen 2017 - Senioren"]
[Site "Bad Woerishofen"]
[Date "2017.03.16"]
[Round "7.16"]
[White "Glatthor, Thomas"]
[Black "Lange, Manfred"]
[Result "1/2-1/2"]
[WhiteElo "2032"]
[BlackElo "2081"]
[Annotator "chessorg"]
[PlyCount "108"]
[EventDate "2017.??.??"]
[WhiteTeam "SG Hermsdorf"]
[BlackTeam "SV Würzburg von 1865 e.V."]

1. Nf3 Nf6 2. d4 d5 3. g3 Bf5 4. Bg2 e6 5. O-O h6 6. c4 c6 7. b3 Nbd7 8. Bb2
Be7 9. Nc3 O-O 10. Re1 Ne4 11. Nd2 Nxd2 12. Qxd2 Nf6 13. e4 dxe4 14. Nxe4 Nxe4
15. Bxe4 Bxe4 16. Rxe4 Bf6 17. Rd1 Qc7 18. d5 exd5 19. cxd5 cxd5 20. Re3 Bxb2
21. Qxb2 Rad8 22. Red3 Qc6 23. Qd2 Rfe8 24. f4 Re6 25. Rxd5 Rxd5 26. Qxd5 Qb6+
27. Kf1 Qa6+ 28. Qd3 Qxa2 29. Rc1 Re8 30. Rc2 Qb1+ 31. Kg2 Qe1 32. Qd5 Re2+ 33.
Rxe2 Qxe2+ 34. Kg1 Qe7 35. Kf2 g6 36. Kf3 h5 37. h3 b6 38. h4 a5 39. Qa8+ Kg7
40. Qc6 Qb4 41. Qd5 Qc5 42. Qd1 Qc3+ 43. Kf2 Qc5+ 44. Kg2 Qc6+ 45. Kf2 Kh7 46.
Kg1 b5 47. Kh2 a4 48. bxa4 bxa4 49. f5 Qe4 50. f6 a3 51. Qb3 Qe2+ 52. Kg1 Qe1+
53. Kg2 Qe4+ 54. Kh2 Qe2+ 1/2-1/2

[Event "Bad Woerishofen 2017 - Senioren"]
[Site "Bad Woerishofen"]
[Date "2017.03.16"]
[Round "7.17"]
[White "Hager, Eberhard"]
[Black "Gerl, Hans"]
[Result "0-1"]
[WhiteElo "1730"]
[BlackElo "2043"]
[Annotator "chessorg"]
[PlyCount "92"]
[EventDate "2017.??.??"]
[WhiteTeam "SC Friedberg"]
[BlackTeam "SC Bayerwald Regen/Zwiesel e.V."]

1. e4 c5 2. Nf3 d6 3. d4 cxd4 4. Nxd4 Nf6 5. Nc3 a6 6. h3 e5 7. Nf3 Be7 8. Bd3
O-O 9. O-O b5 10. a3 Bb7 11. Re1 Nbd7 12. Nh2 Rc8 13. Ng4 Nxg4 14. Qxg4 Nf6 15.
Qg3 Kh8 16. Bd2 Nd7 17. Rac1 Nc5 18. b4 Nxd3 19. Qxd3 Rc4 20. Be3 Qc8 21. Nd5
Bxd5 22. exd5 Rc3 23. Qe2 f5 24. f3 Bh4 25. Red1 f4 26. Bf2 Bxf2+ 27. Kxf2 Rxa3
28. Rd3 Rc3 29. Qd2 Rc4 30. c3 Qd8 31. Kg1 Qc7 32. Ra1 Qb6+ 33. Kh2 Ra8 34. Ra5
g5 35. Qb2 Ra7 36. Qa2 h5 37. Ra3 g4 38. fxg4 e4 39. Rd1 hxg4 40. Qe2 Rg7 41.
Rda1 f3 42. Qf1 Qe3 43. Rxa6 Rxc3 44. Ra8+ Kh7 45. Rf8 Rc2 46. Qe1 g3+ 0-1

[Event "Bad Woerishofen 2017 - Senioren"]
[Site "Bad Woerishofen"]
[Date "2017.03.16"]
[Round "7.18"]
[White "Klett, Thomas"]
[Black "Weinwurm, Wolfgang"]
[Result "0-1"]
[WhiteElo "1896"]
[BlackElo "2133"]
[Annotator "chessorg"]
[PlyCount "84"]
[EventDate "2017.??.??"]
[WhiteTeam "SV Urach"]
[BlackTeam "Ternitz"]

1. c4 Nf6 2. Nc3 d5 3. cxd5 Nxd5 4. g3 Nb6 5. Bg2 g6 6. Nf3 Bg7 7. O-O O-O 8.
d4 Nc6 9. e3 Re8 10. a3 e5 11. dxe5 Nxe5 12. Nxe5 Bxe5 13. Qc2 c6 14. f4 Bg7
15. Rd1 Qe7 16. Qe4 Qxe4 17. Nxe4 Bg4 18. Re1 Rad8 19. Nc5 Bc8 20. Rb1 Nc4 21.
Kf2 b6 22. Na4 c5 23. b3 Nd2 24. Bxd2 Rxd2+ 25. Re2 Rxe2+ 26. Kxe2 Bf5 27. Rc1
Bd4 28. e4 Bxe4 29. Bxe4 Rxe4+ 30. Kd3 Re3+ 31. Kc4 f5 32. Rc2 Kf7 33. Ra2 Ke6
34. b4 Kd6 35. bxc5+ bxc5 36. Rd2 Kc6 37. Rd3 Rxd3 38. Kxd3 Kb5 39. Nc3+ Bxc3
40. Kxc3 Ka4 41. Kc4 Kxa3 42. Kxc5 Kb3 0-1

[Event "Bad Woerishofen 2017 - Senioren"]
[Site "Bad Woerishofen"]
[Date "2017.03.16"]
[Round "7.19"]
[White "Heppell, Ian"]
[Black "Schirmer, Werner"]
[Result "1-0"]
[WhiteElo "2077"]
[BlackElo "1918"]
[Annotator "chessorg"]
[PlyCount "39"]
[EventDate "2017.??.??"]
[WhiteTeam "Wimbledon"]
[BlackTeam "Hamburger SK von 1830 eV"]

1. e4 c5 2. Nc3 Nc6 3. f4 g6 4. Nf3 Bg7 5. Be2 d6 6. O-O e6 7. Qe1 Nd4 8. Bd1
Ne7 9. d3 Bd7 10. Ne2 f5 11. Nexd4 cxd4 12. e5 Qc7 13. c3 dxc3 14. bxc3 Nd5 15.
c4 Qc5+ 16. Kh1 Nb4 17. Be3 Nxd3 18. Qd2 Qa3 19. Rb1 dxe5 20. Rb3 1-0

[Event "Bad Woerishofen 2017 - Senioren"]
[Site "Bad Woerishofen"]
[Date "2017.03.16"]
[Round "7.20"]
[White "Keller, Harald"]
[Black "Krotofil, Kurt"]
[Result "1-0"]
[WhiteElo "2075"]
[BlackElo "1943"]
[Annotator "chessorg"]
[PlyCount "61"]
[EventDate "2017.??.??"]
[WhiteTeam "SV Rottweil"]
[BlackTeam "Niendorfer TSV 1919 SAbt"]

1. e4 c5 2. Nc3 Nc6 3. d3 Nf6 4. g3 g6 5. Bg2 Bg7 6. Nh3 d6 7. O-O Bg4 8. f3
Bd7 9. f4 O-O 10. Nf2 e6 11. Ne2 b5 12. g4 Qa5 13. Bd2 Qb6 14. c3 Rab8 15. Ng3
Rfd8 16. g5 Ne8 17. Ng4 f5 18. gxf6 Nxf6 19. Nxf6+ Bxf6 20. f5 exf5 21. exf5
Kg7 22. fxg6 hxg6 23. Bxc6 Qxc6 24. Bh6+ Kxh6 25. Rxf6 Kg7 26. Nh5+ Kh6 27. Nf4
Kg7 28. Rxg6+ Kf7 29. Qh5 Rh8 30. Rh6+ Ke7 31. Re1+ 1-0

[Event "Bad Woerishofen 2017 - Senioren"]
[Site "Bad Woerishofen"]
[Date "2017.03.16"]
[Round "7.21"]
[White "Dietl, Robert"]
[Black "Dahlhaus, Friedhelm"]
[Result "0-1"]
[WhiteElo "1893"]
[BlackElo "2059"]
[Annotator "chessorg"]
[PlyCount "50"]
[EventDate "2017.??.??"]
[WhiteTeam "SK Koenigsbrunn"]
[BlackTeam "DJK Wacker Bergeborbeck 1922"]

1. e4 e5 2. Nf3 Nc6 3. Bc4 Bc5 4. O-O Nf6 5. d3 d6 6. c3 Bb6 7. a4 O-O 8. h3
Qe7 9. Na3 a6 10. Nc2 Be6 11. Bxe6 fxe6 12. Be3 Bxe3 13. Nxe3 Nh5 14. b4 Nf4
15. Kh2 Qf7 16. Ng1 d5 17. g3 d4 18. Ng2 Nxg2 19. Kxg2 dxc3 20. Qb3 Qe7 21.
Rab1 Nd4 22. Qxc3 Rad8 23. Rbc1 c6 24. Qc5 Qf6 25. f4 Nb3 0-1

[Event "Bad Woerishofen 2017 - Senioren"]
[Site "Bad Woerishofen"]
[Date "2017.03.16"]
[Round "7.22"]
[White "Waltenberger, Udo"]
[Black "Korth, Manfred"]
[Result "1/2-1/2"]
[WhiteElo "2055"]
[BlackElo "1929"]
[Annotator "chessorg"]
[PlyCount "101"]
[EventDate "2017.??.??"]
[WhiteTeam "SV Eiche Reichenbrand"]
[BlackTeam "SC Heideck-Hilpoltstein"]

1. d4 d6 2. Nf3 Nf6 3. g3 Nbd7 4. c4 e5 5. Nc3 c6 6. e4 Be7 7. Bg2 O-O 8. O-O
Re8 9. Qc2 a6 10. h3 b5 11. d5 cxd5 12. Nxd5 Nxd5 13. cxd5 Bb7 14. Be3 Rc8 15.
Qd2 Nc5 16. Ne1 Qd7 17. Nd3 Bd8 18. Rac1 Bb6 19. b3 f5 20. Nxc5 Bxc5 21. Bxc5
dxc5 22. exf5 Red8 23. g4 Bxd5 24. Rfd1 Bc6 25. Qxd7 Rxd7 26. Rxd7 Bxd7 27. Bb7
Rc7 28. Bd5+ Kf8 29. f3 Ke7 30. Kf2 Be8 31. Ke3 Kf6 32. h4 h6 33. Be4 Bf7 34.
f4 exf4+ 35. Kxf4 c4 36. g5+ Ke7 37. bxc4 Rxc4 38. Rxc4 hxg5+ 39. hxg5 Bxc4 40.
a3 a5 41. Ke5 b4 42. axb4 axb4 43. Bb1 Bf7 44. Bd3 Bg8 45. Kd4 Kd6 46. Be4 Bf7
47. Bf3 Bg8 48. g6 Ba2 49. Bb7 Bg8 50. Bg2 Ba2 51. Bb7 1/2-1/2

[Event "Bad Woerishofen 2017 - Senioren"]
[Site "Bad Woerishofen"]
[Date "2017.03.16"]
[Round "7.23"]
[White "Ganslmayer, Anton"]
[Black "Di Lazzaro, Gabriele"]
[Result "1-0"]
[WhiteElo "2046"]
[BlackElo "1914"]
[Annotator "chessorg"]
[PlyCount "45"]
[EventDate "2017.??.??"]
[WhiteTeam "SC Eichenau"]

1. Nf3 d5 2. d4 e6 3. e3 Nf6 4. Bd3 Bd6 5. Nbd2 O-O 6. O-O Nbd7 7. Re1 e5 8. e4
dxe4 9. Nxe4 Nxe4 10. Bxe4 h6 11. Nxe5 Nxe5 12. dxe5 Bxe5 13. Qh5 Qd6 14. Be3
f5 15. Rad1 Qf6 16. Bd5+ Kh8 17. c3 c6 18. Bb3 b6 19. f4 Bd6 20. Bd4 Bc5 21.
Bxc5 bxc5 22. Re8 Bb7 23. Re6 1-0

[Event "Bad Woerishofen 2017 - Senioren"]
[Site "Bad Woerishofen"]
[Date "2017.03.16"]
[Round "7.25"]
[White "Sand, Rolf"]
[Black "Zwetz, Anita"]
[Result "1/2-1/2"]
[WhiteElo "2041"]
[BlackElo "1813"]
[Annotator "chessorg"]
[PlyCount "70"]
[EventDate "2017.??.??"]
[BlackTeam "TSV Kareth-Lappersdorf"]

1. c4 e6 2. g3 d5 3. Bg2 c6 4. Nf3 Nf6 5. O-O Nbd7 6. d4 Be7 7. Qc2 Ne4 8. Nc3
f5 9. Rb1 Bf6 10. cxd5 exd5 11. b4 Nb6 12. Bf4 Nc4 13. Rbd1 Qb6 14. b5 Nxc3 15.
Qxc3 Qxb5 16. Ne5 Bxe5 17. Bxe5 O-O 18. Rb1 Qa5 19. Qxa5 Nxa5 20. f3 Nc4 21.
Bf4 Re8 22. e4 fxe4 23. fxe4 dxe4 24. Rfe1 Bf5 25. Rxb7 Rad8 26. Rc7 Rxd4 27.
Rxc6 Red8 28. Bf1 Nd2 29. Bxd2 Rxd2 30. Rc5 Bg6 31. Bc4+ Bf7 32. Bxf7+ Kxf7 33.
Rc7+ Kg6 34. Rxe4 R8d7 35. Rxd7 Rxd7 1/2-1/2

[Event "Bad Woerishofen 2017 - Senioren"]
[Site "Bad Woerishofen"]
[Date "2017.03.16"]
[Round "7.26"]
[White "Spurga, Josef"]
[Black "Bjorgvik, Jan Arne"]
[Result "1-0"]
[WhiteElo "2007"]
[BlackElo "1779"]
[Annotator "chessorg"]
[PlyCount "51"]
[EventDate "2017.??.??"]
[WhiteTeam "VfL Sindelfingen"]

1. d4 d5 2. Nf3 e6 3. e3 Nf6 4. c4 c6 5. Nc3 dxc4 6. Bxc4 Be7 7. O-O O-O 8. Qc2
b6 9. Bd3 g6 10. b3 Ba6 11. Rd1 Bxd3 12. Rxd3 Nd5 13. a3 Nxc3 14. Qxc3 Bf6 15.
Bb2 Qc7 16. Rc1 c5 17. Qd2 Rd8 18. Bc3 Na6 19. dxc5 Nxc5 20. Bxf6 Rxd3 21. Qxd3
Rc8 22. Qb1 Qb7 23. b4 Ne4 24. Rxc8+ Qxc8 25. Bb2 Nc3 26. Qc2 1-0

[Event "Bad Woerishofen 2017 - Senioren"]
[Site "Bad Woerishofen"]
[Date "2017.03.16"]
[Round "7.27"]
[White "Hansch, Klaus-Michael"]
[Black "Engbrecht, Helmut"]
[Result "1/2-1/2"]
[WhiteElo "1890"]
[BlackElo "1951"]
[Annotator "chessorg"]
[PlyCount "31"]
[EventDate "2017.??.??"]
[WhiteTeam "SC Weisse Dame e.V."]
[BlackTeam "SV Schorndorf"]

1. d4 d5 2. Nc3 Nf6 3. Bg5 Nbd7 4. f3 c5 5. dxc5 Qa5 6. Qd4 e5 7. Qd2 Bxc5 8.
e3 Bb4 9. Nge2 b6 10. a3 Ba6 11. Rd1 Be7 12. Bxf6 Nxf6 13. Nxd5 Qxd5 14. Qxd5
Nxd5 15. Rxd5 f6 16. Nc3 1/2-1/2

[Event "Bad Woerishofen 2017 - Senioren"]
[Site "Bad Woerishofen"]
[Date "2017.03.16"]
[Round "7.28"]
[White "Hunold, Rolf"]
[Black "Klimpel, Siegfried"]
[Result "1-0"]
[WhiteElo "2081"]
[BlackElo "1865"]
[Annotator "chessorg"]
[PlyCount "47"]
[EventDate "2017.??.??"]
[WhiteTeam "Schachverein Letmathe 1933 e.V."]
[BlackTeam "TSV Kareth - Lappersdorf"]

1. e4 c5 2. Nf3 d6 3. d4 cxd4 4. Nxd4 e6 5. Nc3 Be7 6. Be3 Nf6 7. Qe2 Nc6 8.
Nb3 b6 9. f4 Bb7 10. O-O-O Qb8 11. g4 d5 12. exd5 exd5 13. Bg2 O-O 14. g5 Ne4
15. Nxd5 Nd6 16. Nd4 Re8 17. Nxc6 Bxc6 18. Nxe7+ Rxe7 19. Bxc6 Nf5 20. Bxa8
Nxe3 21. Qf3 Qc8 22. Be4 Nc4 23. Qd3 Re8 24. b3 1-0

[Event "Bad Woerishofen 2017 - Senioren"]
[Site "Bad Woerishofen"]
[Date "2017.03.16"]
[Round "7.29"]
[White "Reimann, Guenther"]
[Black "Schmidt, Ruediger"]
[Result "1-0"]
[WhiteElo "1873"]
[BlackElo "2001"]
[Annotator "chessorg"]
[PlyCount "79"]
[EventDate "2017.??.??"]
[WhiteTeam "SC Magstadt"]

1. c4 c6 2. d3 d5 3. Nd2 e5 4. Ngf3 Bd6 5. g3 Be6 6. Bg2 Nd7 7. b3 f5 8. Bb2
Ngf6 9. O-O Qe7 10. cxd5 Bxd5 11. Nc4 Bc7 12. Ne3 Be6 13. Ng5 f4 14. Nxe6 Qxe6
15. Nc4 g5 16. Qe1 h5 17. e3 fxg3 18. fxg3 h4 19. Qf2 hxg3 20. Qxg3 O-O-O 21.
e4 Nh5 22. Qxg5 Rdg8 23. Qf5 Qe7 24. Rf2 b5 25. Nxe5 Bxe5 26. Bxe5 Qxe5 27. Rc1
Qxf5 28. Rxf5 Rg6 29. Kf1 Rf8 30. Rxf8+ Nxf8 31. Bh3+ Kc7 32. d4 Kb6 33. Rc2
Rf6+ 34. Rf2 Kc7 35. Rxf6 Nxf6 36. Bf5 b4 37. Ke2 c5 38. Kd3 N8d7 39. Kc4 a5
40. e5 1-0

[Event "Bad Woerishofen 2017 - Senioren"]
[Site "Bad Woerishofen"]
[Date "2017.03.16"]
[Round "7.30"]
[White "Vonach, Bernhard"]
[Black "Scholz, Herbert"]
[Result "1-0"]
[WhiteElo "1992"]
[BlackElo "1838"]
[Annotator "chessorg"]
[PlyCount "91"]
[EventDate "2017.??.??"]
[WhiteTeam "SF Windach"]
[BlackTeam "Post SV Neustadt"]

1. e4 d5 2. exd5 Nf6 3. d3 Qxd5 4. Nc3 Qc6 5. Nge2 e5 6. d4 Bd6 7. Ng3 a6 8. d5
Qb6 9. Bc4 O-O 10. O-O Bg4 11. Qd3 c6 12. Nce4 Nxe4 13. Nxe4 cxd5 14. Bxd5 Bc7
15. Be3 Qb5 16. Qxb5 axb5 17. Bxb7 Ra4 18. b3 Ra3 19. Bc5 Ra5 20. Bxf8 Kxf8 21.
h3 Be6 22. Ng5 h6 23. Nxe6+ fxe6 24. Rfd1 Ke7 25. a4 b4 26. Rd2 Bb6 27. Rad1
Bd4 28. Rxd4 exd4 29. Rxd4 Rc5 30. Rxb4 Rxc2 31. a5 Nc6 32. Bxc6 Rxc6 33. Rb7+
Kf6 34. b4 Rc1+ 35. Kh2 Ra1 36. Rb6 h5 37. h4 Kf5 38. a6 e5 39. b5 Kf4 40. Rg6
e4 41. Rxg7 Ra2 42. a7 Rxf2 43. Rf7+ Kg4 44. Rxf2 e3 45. Re2 Kxh4 46. a8=Q 1-0

[Event "Bad Woerishofen 2017 - Senioren"]
[Site "Bad Woerishofen"]
[Date "2017.03.16"]
[Round "7.31"]
[White "Plischke, Berthold"]
[Black "Urban, Rudolf"]
[Result "1/2-1/2"]
[WhiteElo "1987"]
[BlackElo "1833"]
[Annotator "chessorg"]
[PlyCount "66"]
[EventDate "2017.??.??"]
[WhiteTeam "SV Wesel 1928 e.V."]
[BlackTeam "Roter Turm Altstadt Muenchen"]

1. e4 c6 2. d4 d5 3. Nc3 dxe4 4. Nxe4 Nf6 5. Nxf6+ exf6 6. Bf4 Be6 7. Nf3 Qb6
8. Qc1 Nd7 9. Be2 Be7 10. c4 Bb4+ 11. Bd2 O-O 12. O-O Bxd2 13. Qxd2 Rfd8 14.
Qc3 Nf8 15. Rfd1 Ng6 16. Rd2 Rd7 17. Ne1 Rad8 18. Nc2 a5 19. Rad1 Ne7 20. b4
axb4 21. Qxb4 Qxb4 22. Nxb4 c5 23. Nc2 cxd4 24. Rxd4 Nc6 25. Rxd7 Rxd7 26. Rxd7
Bxd7 27. a3 Kf8 28. Bf3 Ke7 29. c5 Ke6 30. Kf1 Na5 31. Nb4 Bb5+ 32. Ke1 Ke5 33.
Kd2 Kd4 1/2-1/2

[Event "Bad Woerishofen 2017 - Senioren"]
[Site "Bad Woerishofen"]
[Date "2017.03.16"]
[Round "7.32"]
[White "Streiter, Manfred"]
[Black "Wenske, Hardy"]
[Result "1/2-1/2"]
[WhiteElo "1977"]
[BlackElo "1814"]
[Annotator "chessorg"]
[PlyCount "64"]
[EventDate "2017.??.??"]
[WhiteTeam "SGem Vaihingen-Rohr"]
[BlackTeam "Kieler SG von 1884"]

1. Nf3 d5 2. g3 Nf6 3. Bg2 e6 4. O-O Nbd7 5. c4 c6 6. Qc2 Be7 7. d4 O-O 8. Rd1
Re8 9. Nc3 Bb4 10. Nd2 Bxc3 11. bxc3 Nb6 12. c5 Nbd7 13. e4 Nf8 14. e5 N6d7 15.
f4 b6 16. c4 Qc7 17. cxd5 cxd5 18. Ba3 Ba6 19. c6 Bb5 20. Rdc1 Nb8 21. Bd6 Qc8
22. a4 Ba6 23. a5 Ng6 24. axb6 axb6 25. Bf1 Ne7 26. c7 Nbc6 27. Qb2 Bxf1 28.
Kxf1 Qb7 29. Qc3 Rxa1 30. Rxa1 Ra8 31. Bxe7 Rxa1+ 32. Qxa1 Nxe7 1/2-1/2

[Event "Bad Woerishofen 2017 - Senioren"]
[Site "Bad Woerishofen"]
[Date "2017.03.16"]
[Round "7.33"]
[White "Reichwald, Klaus"]
[Black "Ilyes, Peter"]
[Result "1/2-1/2"]
[WhiteElo "1834"]
[BlackElo "1968"]
[Annotator "chessorg"]
[PlyCount "82"]
[EventDate "2017.??.??"]
[WhiteTeam "SC Lohhof 1950 e.V."]

1. e4 e6 2. d3 d5 3. Nc3 Nf6 4. Bg5 Be7 5. g3 h6 6. Bd2 O-O 7. Bg2 c5 8. Nf3
Nc6 9. O-O d4 10. Ne2 e5 11. h3 Re8 12. Nh2 b5 13. g4 g5 14. Ng3 Rb8 15. Nf5
Bxf5 16. exf5 Qc7 17. h4 Nh7 18. Be4 f6 19. Qf3 Rec8 20. Qh3 Bf8 21. Nf3 c4 22.
Bd5+ Kh8 23. Kg2 Ne7 24. Be6 c3 25. bxc3 dxc3 26. Be3 Rd8 27. hxg5 fxg5 28. Rh1
Nd5 29. Qh5 Qg7 30. d4 exd4 31. Nxg5 hxg5 32. Bxg5 Rb7 33. Qg6 Ne7 34. Bxe7
Qxg6 35. fxg6 Rxe7 36. Rxh7+ Rxh7 37. gxh7 Kxh7 38. Bf5+ Kg7 39. Rh1 Bc5 40.
Re1 Rd5 41. Bd3 b4 1/2-1/2

[Event "Bad Woerishofen 2017 - Senioren"]
[Site "Bad Woerishofen"]
[Date "2017.03.16"]
[Round "7.34"]
[White "Leutz, Hans"]
[Black "Weber, Gerhard"]
[Result "1/2-1/2"]
[WhiteElo "1968"]
[BlackElo "1773"]
[Annotator "chessorg"]
[PlyCount "37"]
[EventDate "2017.??.??"]
[BlackTeam "SC Bayer Leverkusen e.V."]

1. d4 Nf6 2. Nf3 g6 3. Bg5 Bg7 4. Nbd2 d5 5. e3 b6 6. Bd3 Ba6 7. O-O Bxd3 8.
cxd3 O-O 9. Qc2 Nbd7 10. b4 Ne8 11. Bf4 c5 12. bxc5 bxc5 13. Rab1 cxd4 14. exd4
Nb6 15. Nb3 Nd6 16. Nc5 Rc8 17. Qb3 Bxd4 18. Bxd6 Bxc5 19. Bf4 1/2-1/2

[Event "Bad Woerishofen 2017 - Senioren"]
[Site "Bad Woerishofen"]
[Date "2017.03.16"]
[Round "7.35"]
[White "Trebbin, Wolfhard"]
[Black "Sand, Rosemarie"]
[Result "1/2-1/2"]
[WhiteElo "1960"]
[BlackElo "1719"]
[Annotator "chessorg"]
[PlyCount "45"]
[EventDate "2017.??.??"]
[WhiteTeam "SG Lasker Steglitz-Wilmersdorf"]
[BlackTeam "Pfullingen"]

1. c4 c5 2. Nf3 Nc6 3. g3 g6 4. Nc3 Bg7 5. Bg2 e6 6. Ne4 d6 7. d3 Nge7 8. O-O
O-O 9. Rb1 Rb8 10. a3 a5 11. Nc3 b6 12. Bg5 h6 13. Bd2 Bb7 14. Na2 Qc7 15. Qc1
Kh7 16. Nc3 Ba6 17. a4 Nb4 18. b3 Rbd8 19. Rd1 d5 20. Nb5 Bxb5 21. Bxb4 axb4
22. cxb5 Rc8 23. Nd2 1/2-1/2

[Event "Bad Woerishofen 2017 - Senioren"]
[Site "Bad Woerishofen"]
[Date "2017.03.16"]
[Round "7.36"]
[White "Thielemann, Joachim"]
[Black "Meinke, Dietlind"]
[Result "0-1"]
[WhiteElo "1829"]
[BlackElo "1904"]
[Annotator "chessorg"]
[PlyCount "102"]
[EventDate "2017.??.??"]
[WhiteTeam "SV Eutin"]
[BlackTeam "MTV Leck von 1889"]

1. Nc3 Nf6 2. e4 d5 3. e5 Ne4 4. Nxe4 dxe4 5. d4 exd3 6. Bxd3 Qd5 7. Nf3 Bg4 8.
Bf4 Bxf3 9. gxf3 e6 10. Qe2 Nc6 11. Bc4 Qd4 12. Bg3 Qxb2 13. O-O O-O-O 14. Rab1
Qc3 15. Rb3 Qd2 16. Qxd2 Rxd2 17. Bd3 Nd4 18. Rfb1 Nxb3 19. axb3 Bc5 20. b4 Bb6
21. f4 Rd8 22. Rb3 g6 23. Kf1 Rd1+ 24. Ke2 Ra1 25. Kf3 h5 26. Bh4 Rd7 27. Ke2
Rd4 28. Bg3 h4 29. Bxh4 Rxf4 30. Bg3 Rd4 31. Kd2 c5 32. bxc5 Bxc5 33. Ke2 Ra3
34. Rb1 b6 35. f3 Rb4 36. Rd1 Bd4 37. f4 Ra1 38. Be1 Rxd1 39. Kxd1 Rb1+ 40. Ke2
Bg1 41. Bg3 Kc7 42. Ba6 Kc6 43. Bc4 a5 44. h4 Bd4 45. Kd2 Rg1 46. Kd3 Bxe5 47.
Bf2 Rg2 48. Bxb6 Kxb6 49. fxe5 Rh2 50. c3 Rxh4 51. Ba2 Kc5 0-1